[Event "Bryansk Zilberstein Memorial 5th"]
[Site "Bryansk"]
[Date "2021.07.29"]
[Round "4"]
[White "Bragin, Alexander"]
[Black "Murzin, Volodar"]
[Result "0-1"]
[WhiteElo "2309"]
[BlackElo "2502"]
[PlyCount "64"]
[EventDate "2021.07.29"]
[EventType "swiss (rapid)"]
[EventRounds "11"]
[EventCountry "RUS"]
[SourceTitle "CBM 203 Extra"]
[Source "ChessBase"]
[SourceDate "2021.09.30"]
[SourceVersion "1"]
[SourceVersionDate "2021.09.30"]
[SourceQuality "1"]

1. e4 c6 2. d4 d5 3. Nc3 dxe4 4. Nxe4 Nf6 5. Nxf6+ exf6 6. c3 Bd6 7. Bd3 Be6 8. Qc2 Nd7 9. Ne2 Qc7 10. Bd2 g6 11. a3 0-0-0 12. 0-0-0 Rhe8 13. c4 Bf5 14. Be3 Bxd3 15. Rxd3 f5 16. c5 Bf8 17. Bg5 Be7 18. Bf4 Qa5 19. Nc3 Nf8 20. Re1 Ne6 21. Rxe6 fxe6 22. Qe2 e5 23. Bxe5 Bxc5 24. f4 Bxd4 25. Kb1 Bxe5 26. Rxd8+ Kxd8 27. fxe5 Qxe5 28. Qd2+ Kc8 29. Qh6 Qe7 30. Qh3 h5 31. Qg3 Qe1+ 32. Qxe1 Rxe1+ 0-1

[Event "Kaluga Tsiolkovsky Memorial op"]
[Site "Kaluga"]
[Date "2013.08.03"]
[Round "1"]
[White "Bragin, Alexander"]
[Black "Bunakov, Vasily"]
[Result "1-0"]
[WhiteElo "2353"]
[BlackElo "1950"]
[PlyCount "54"]
[EventDate "2013.08.03"]
[EventType "swiss"]
[EventRounds "9"]
[EventCountry "RUS"]
[SourceTitle "CBM 156 Extra"]
[Source "ChessBase"]
[SourceDate "2013.10.22"]
[SourceVersion "1"]
[SourceVersionDate "2013.10.22"]
[SourceQuality "1"]

1. e4 c5 2. Nf3 g6 3. d4 Bg7 4. Nc3 cxd4 5. Nxd4 Nc6 6. Be3 d6 7. Qd2 Bd7 8. Bc4 Ne5 9. Bb3 Ng4 10. Bg5 h6 11. Bh4 Rc8 12. f4 Qb6 13. 0-0-0 Bxd4 14. Qxd4 Qxd4 15. Rxd4 g5 16. fxg5 hxg5 17. Bxg5 Rxh2 18. Rxh2 Nxh2 19. e5 Rc5 20. Rh4 Rxe5 21. Bf4 Ng4 22. Bxe5 Nxe5 23. Ba4 e6 24. Rh8 Kf8 25. Bxd7 Nxd7 26. Nb5 Kg7 27. Rh4 d5 1-0

[Event "Russia Central-ch"]
[Site "Pushchino"]
[Date "2013.03.24"]
[Round "9"]
[White "Bragin, Alexander"]
[Black "Pecheritsa, Vitaly"]
[Result "0-1"]
[WhiteElo "2357"]
[BlackElo "2316"]
[PlyCount "98"]
[EventDate "2013.03.16"]
[EventType "swiss"]
[EventRounds "9"]
[EventCountry "RUS"]
[SourceTitle "EXT 2014"]
[Source "ChessBase"]
[SourceDate "2013.11.20"]
[SourceVersion "1"]
[SourceVersionDate "2013.11.20"]
[SourceQuality "1"]

1. e4 c5 2. Nf3 e6 3. d4 cxd4 4. Nxd4 a6 5. Nc3 Qc7 6. Be2 Nf6 7. 0-0 Nc6 8. Kh1 Nxd4 9. Qxd4 Bc5 10. Qd3 b5 11. f4 Bb7 12. Bf3 h5 13. Be3 Bxe3 14. Qxe3 b4 15. e5 bxc3 16. exf6 cxb2 17. Rab1 gxf6 18. Rxb2 Bxf3 19. Rxf3 Rb8 20. Rxb8+ Qxb8 21. h3 Ke7 22. Kh2 Rc8 23. Qa3+ Qd6 24. Qa4 Rc6 25. Rd3 Qc5 26. c3 Qc4 27. Qa3+ d6 28. Rf3 Rc5 29. Kg3 a5 30. Qb2 Rb5 31. Qf2 Rb7 32. Qd2 a4 33. Rd3 Qc5 34. Rd4 a3 35. Rb4 Rxb4 36. cxb4 Qc4 37. Kf3 d5 38. Ke3 e5 39. fxe5 fxe5 40. Kf3 f6 41. Qh6 e4+ 42. Kg3 Qxa2 43. Qg7+ Ke6 44. Qg8+ Ke5 45. Qb8+ Kd4 46. Qa7+ Kd3 47. Qa6+ Kd2 48. b5 Qb3+ 49. Kh2 e3 0-1

[Event "Russia Central-ch"]
[Site "Pushchino"]
[Date "2013.03.20"]
[Round "5"]
[White "Bragin, Alexander"]
[Black "Okrugin, Sergey"]
[Result "1/2-1/2"]
[WhiteElo "2357"]
[BlackElo "2345"]
[PlyCount "40"]
[EventDate "2013.03.16"]
[EventType "swiss"]
[EventRounds "9"]
[EventCountry "RUS"]
[SourceTitle "EXT 2014"]
[Source "ChessBase"]
[SourceDate "2013.11.20"]
[SourceVersion "1"]
[SourceVersionDate "2013.11.20"]
[SourceQuality "1"]

1. e4 c5 2. Nf3 d6 3. d4 cxd4 4. Nxd4 Nf6 5. Nc3 a6 6. Bc4 e6 7. Bb3 Nbd7 8. Bg5 Nc5 9. f4 Be7 10. Qf3 Nxb3 11. axb3 0-0 12. 0-0-0 Ne8 13. Bxe7 Qxe7 14. g4 b5 15. Rhe1 Bb7 16. g5 b4 17. Na4 g6 18. Qg3 Ng7 19. f5 Qc7 20. f6 Nh5 1/2-1/2

[Event "Russia Central-ch"]
[Site "Pushchino"]
[Date "2013.03.17"]
[Round "2"]
[White "Vdovin, Vadim"]
[Black "Bragin, Alexander"]
[Result "1/2-1/2"]
[WhiteElo "2148"]
[BlackElo "2357"]
[PlyCount "45"]
[EventDate "2013.03.16"]
[EventType "swiss"]
[EventRounds "9"]
[EventCountry "RUS"]
[SourceTitle "EXT 2014"]
[Source "ChessBase"]
[SourceDate "2013.11.20"]
[SourceVersion "1"]
[SourceVersionDate "2013.11.20"]
[SourceQuality "1"]

1. e4 c5 2. d4 cxd4 3. c3 dxc3 4. Nxc3 Nc6 5. Nf3 d6 6. Bc4 e6 7. 0-0 Be7 8. Qe2 Nf6 9. Rd1 e5 10. h3 0-0 11. Be3 Be6 12. Rac1 Rc8 13. Bd5 Qe8 14. Qb5 Rc7 15. Bxe6 fxe6 16. Qb3 d5 17. Nb5 Rd7 18. Nxa7 Na5 19. Qb6 Bd8 20. Qb5 Nxe4 21. Nxe5 Rc7 22. Qxe8 Rxe8 23. Nb5 1/2-1/2

[Event "Kostroma Volga Cup op"]
[Site "Kostroma"]
[Date "2009.07.??"]
[Round "8"]
[White "Bragin, Alexander"]
[Black "Apryshko, Gleb"]
[Result "1-0"]
[WhiteElo "2432"]
[BlackElo "2181"]
[PlyCount "71"]
[EventDate "2009.07.03"]
[EventType "swiss"]
[EventRounds "9"]
[EventCountry "RUS"]
[SourceTitle "EXT 2021"]
[Source "ChessBase"]
[SourceDate "2020.10.23"]
[SourceVersion "1"]
[SourceVersionDate "2020.10.23"]
[SourceQuality "1"]

1. e4 e6 2. d4 d5 3. Nc3 Nf6 4. Bg5 Bb4 5. e5 h6 6. Bd2 Bxc3 7. bxc3 Ne4 8. Qg4 g6 9. Bd3 Nxd2 10. Kxd2 c5 11. Nf3 Bd7 12. Rhb1 Bc6 13. h4 Nd7 14. Qf4 Qe7 15. Rb2 c4 16. Bf1 Qa3 17. Rbb1 b5 18. Nh2 a5 19. Ng4 b4 20. Qe3 h5 21. Nf6+ Nxf6 22. exf6 Qa4 23. a3 b3 24. Qe5 Kd7 25. cxb3 cxb3 26. Rb2 Bb5 27. Bxb5+ Qxb5 28. c4 Qb7 29. cxd5 Rhe8 30. Rc1 exd5 31. Rxb3 Qc6 32. Qg3 Re2+ 33. Kxe2 Qxc1 34. Rb7+ Kc8 35. Re7 Ra6 36. Qh3+ 1-0

[Event "Kostroma Volga Cup op"]
[Site "Kostroma"]
[Date "2009.07.??"]
[Round "6"]
[White "Bragin, Alexander"]
[Black "Uraev, Ivan"]
[Result "1-0"]
[WhiteElo "2432"]
[BlackElo "2213"]
[PlyCount "159"]
[EventDate "2009.07.03"]
[EventType "swiss"]
[EventRounds "9"]
[EventCountry "RUS"]
[SourceTitle "EXT 2021"]
[Source "ChessBase"]
[SourceDate "2020.10.23"]
[SourceVersion "1"]
[SourceVersionDate "2020.10.23"]
[SourceQuality "1"]

1. e4 c5 2. Nf3 e6 3. d4 cxd4 4. Nxd4 a6 5. Nc3 Qc7 6. Be2 Nf6 7. 0-0 d6 8. a4 Be7 9. Be3 b6 10. f4 Bb7 11. Bf3 Nbd7 12. Qe2 Nc5 13. Bf2 0-0 14. e5 dxe5 15. fxe5 Bxf3 16. Nxf3 Ng4 17. Bg3 Nd7 18. Kh1 Nh6 19. Nd4 Bc5 20. Rad1 Rfe8 21. Bf4 Bxd4 22. Rxd4 Nf5 23. Rc4 Qb7 24. Ne4 Rac8 25. Rxc8 Rxc8 26. Rd1 Nc5 27. Nd6 Nxd6 28. exd6 Nd7 29. c4 a5 30. b3 Qc6 31. Bg5 Qc5 32. Be7 Qf5 33. Rf1 Qc5 34. Qf3 Qf5 35. Qe2 Qe5 36. Qd3 g6 37. Qd2 Rb8 38. h3 Rc8 39. Kg1 Qc5+ 40. Rf2 Qe5 41. Qd3 Qa1+ 42. Rf1 Qe5 43. Qf3 f5 44. Qd3 Kf7 45. Qd2 Rc6 46. Re1 Qc5+ 47. Kh1 e5 48. Rd1 Rc8 49. Bg5 Ke6 50. Be3 Qc6 51. Qf2 f4 52. Qh4 fxe3 53. Qe7+ Kf5 54. Rf1+ Ke4 55. Qh4+ Kd3 56. Rd1+ Kc2 57. Qe1 Kxb3 58. Rd3+ Kxa4 59. Qa1+ Kb4 60. Qc3+ Kc5 61. Rd5+ Qxd5 62. cxd5+ Kxd5 63. Qxc8 Kxd6 64. Qc3 Nc5 65. Qxe3 Kd5 66. Kg1 a4 67. Kf2 b5 68. Qd2+ Kc4 69. Qc2+ Kd4 70. Ke2 e4 71. Qb2+ Kc4 72. Ke3 Nb3 73. Kxe4 Kb4 74. Kd3 a3 75. Qc3+ Ka4 76. Kc2 Na5 77. Qd4+ Nc4 78. Kc3 a2 79. Qa7+ Na5 80. Kb2 1-0

[Event "Kostroma Volga Cup op"]
[Site "Kostroma"]
[Date "2009.07.??"]
[Round "5"]
[White "Vorobev, Kirill"]
[Black "Bragin, Alexander"]
[Result "0-1"]
[WhiteElo "2086"]
[BlackElo "2432"]
[PlyCount "92"]
[EventDate "2009.07.03"]
[EventType "swiss"]
[EventRounds "9"]
[EventCountry "RUS"]
[SourceTitle "EXT 2021"]
[Source "ChessBase"]
[SourceDate "2020.10.23"]
[SourceVersion "1"]
[SourceVersionDate "2020.10.23"]
[SourceQuality "1"]

1. d4 Nf6 2. Nf3 g6 3. c4 Bg7 4. Nc3 0-0 5. e4 d6 6. Be2 Nbd7 7. 0-0 e5 8. dxe5 dxe5 9. Qc2 c6 10. h3 Re8 11. Be3 Bf8 12. Rfd1 Qc7 13. a3 Nc5 14. b4 Ne6 15. c5 Nf4 16. Bf1 h6 17. Kh2 Nh7 18. g3 Ne6 19. Qc1 h5 20. Bd3 Bd7 21. Ra2 Rad8 22. Rad2 Nd4 23. Be2 Nb3 24. Qc2 Nxd2 25. Nxd2 Be6 26. f4 Bh6 27. Rf1 h4 28. Nc4 hxg3+ 29. Kg2 exf4 30. Bc1 Nf8 31. Nd6 Rxd6 32. cxd6 Qxd6 33. Bf3 Nd7 34. Rd1 Qe7 35. Ne2 Qh4 36. Rh1 Ne5 37. Nd4 Nxf3 38. Nxf3 Qe7 39. Bb2 Bg7 40. e5 Bd5 41. Re1 Qe6 42. Bc3 g5 43. Qd3 g4 44. hxg4 Qxg4 45. b5 Re6 46. bxc6 Rh6 0-1

[Event "Central FO-ch"]
[Site "Gagarin"]
[Date "2009.05.03"]
[Round "4"]
[White "Bragin, Alexander"]
[Black "Khalukov, Yury"]
[Result "1-0"]
[WhiteElo "2441"]
[BlackElo "2276"]
[PlyCount "101"]
[EventDate "2009.05.01"]
[EventType "swiss"]
[EventRounds "9"]
[EventCountry "RUS"]
[SourceTitle "CBM 130 Extra"]
[Source "ChessBase"]
[SourceDate "2009.07.02"]
[SourceVersion "2"]
[SourceVersionDate "2009.07.15"]
[SourceQuality "1"]

1. e4 c5 2. Nf3 d6 3. d4 cxd4 4. Nxd4 Nf6 5. Nc3 g6 6. Be3 Bg7 7. f3 0-0 8. Qd2 Nc6 9. Bc4 Bd7 10. Bb3 Na5 11. h4 Nxb3 12. axb3 h5 13. Bh6 Bxh6 14. Qxh6 e5 15. Nde2 Be6 16. 0-0-0 Rc8 17. g4 hxg4 18. h5 g5 19. Qxg5+ Kh7 20. f4 Rg8 21. Qh4 exf4 22. Nxf4 Ne8 23. Qg3 Qg5 24. Kb1 Qe5 25. Rhf1 Nf6 26. Qd3 Rcd8 27. Nxe6 fxe6 28. Rd2 Rd7 29. Re2 Rg5 30. Rxf6 Qxf6 31. e5+ Qf5 32. Ne4 Kh6 33. Qd2 d5 34. Nf6 g3 35. Ka2 Rf7 36. Rg2 Rxf6 37. exf6 Qxf6 38. Rxg3 e5 39. Rg4 d4 40. Re4 Kxh5 41. Re1 Kg6 42. Kb1 Rf5 43. Qg2+ Rg5 44. Qxb7 Qf7 45. Qa8 Rf5 46. Qe4 Qe6 47. Rf1 Kf6 48. Qh4+ Kf7 49. Qh7+ Kf6 50. Rg1 Qf7 51. Qh6+ 1-0

[Event "Central FO-ch"]
[Site "Gagarin"]
[Date "2009.05.03"]
[Round "3"]
[White "Kharlamov, Anton"]
[Black "Bragin, Alexander"]
[Result "0-1"]
[WhiteElo "2118"]
[BlackElo "2441"]
[PlyCount "62"]
[EventDate "2009.05.01"]
[EventType "swiss"]
[EventRounds "9"]
[EventCountry "RUS"]
[SourceTitle "CBM 130 Extra"]
[Source "ChessBase"]
[SourceDate "2009.07.02"]
[SourceVersion "2"]
[SourceVersionDate "2009.07.15"]
[SourceQuality "1"]

1. d4 Nf6 2. c4 g6 3. Nc3 Bg7 4. e4 d6 5. Be2 0-0 6. Bg5 Nbd7 7. Qd2 c6 8. h3 e5 9. d5 cxd5 10. cxd5 a5 11. g4 Nc5 12. Bf3 Bd7 13. Nge2 b5 14. Ng3 b4 15. Nce2 Bb5 16. h4 Nd3+ 17. Kf1 Qd7 18. Bxf6 Bxf6 19. Kg2 Qa7 20. Raf1 Rac8 21. h5 Qe7 22. a4 Bg5 23. Qd1 Nxb2 24. Qb3 Nxa4 25. Ra1 Nc5 26. Qb1 Ra8 27. Qg1 a4 28. Qh2 a3 29. hxg6 fxg6 30. Rab1 a2 31. Rxb4 Bxe2 0-1

[Event "Central FO-ch"]
[Site "Gagarin"]
[Date "2009.05.01"]
[Round "1"]
[White "Tkachuk, Andrey"]
[Black "Bragin, Alexander"]
[Result "1/2-1/2"]
[WhiteElo "2125"]
[BlackElo "2441"]
[PlyCount "77"]
[EventDate "2009.05.01"]
[EventType "swiss"]
[EventRounds "9"]
[EventCountry "RUS"]
[SourceTitle "CBM 130 Extra"]
[Source "ChessBase"]
[SourceDate "2009.07.02"]
[SourceVersion "2"]
[SourceVersionDate "2009.07.15"]
[SourceQuality "1"]

1. e4 c5 2. Nf3 e6 3. c3 d5 4. exd5 Qxd5 5. d4 Nf6 6. Be2 cxd4 7. cxd4 Nc6 8. Nc3 Qd6 9. 0-0 Be7 10. Be3 0-0 11. a3 b6 12. Qd2 Bb7 13. Rfd1 Rfd8 14. Bf4 Qd7 15. Ne5 Nxe5 16. Bxe5 Ne4 17. Nxe4 Bxe4 18. Rac1 Rac8 19. Ba6 Bb7 20. Bxb7 Qxb7 21. Rxc8 Rxc8 22. Rc1 f6 23. Rxc8+ Qxc8 24. Bf4 Qc4 25. g3 Kf7 26. Be3 h5 27. h4 g6 28. Qd1 Bd6 29. Qf3 Qd5 30. Qxd5 exd5 31. a4 Ke6 32. Kg2 Kf5 33. f3 g5 34. Kh3 g4+ 35. Kg2 a6 36. Bd2 b5 37. axb5 axb5 38. Kf2 Bc7 39. b4 1/2-1/2

[Event "Kostroma Volga Cup op"]
[Site "Kostroma"]
[Date "2008.07.??"]
[Round "4"]
[White "Bragin, Alexander"]
[Black "Dobrov, Vladimir"]
[Result "1-0"]
[WhiteElo "2396"]
[BlackElo "2519"]
[PlyCount "58"]
[EventDate "2008.07.??"]
[EventType "swiss"]
[EventRounds "9"]
[EventCountry "RUS"]
[SourceTitle "EXT 2009"]
[Source "ChessBase"]
[SourceDate "2008.11.26"]
[SourceVersion "1"]
[SourceVersionDate "2008.11.26"]
[SourceQuality "1"]

1. e4 c5 2. Nf3 d6 3. d4 cxd4 4. Nxd4 Nf6 5. Nc3 a6 6. Bc4 e6 7. Bb3 Nbd7 8. f4 Nc5 9. Qf3 b5 10. f5 e5 11. Nc6 Qc7 12. Nb4 Nxb3 13. axb3 Bb7 14. Bg5 a5 15. Nbd5 Nxd5 16. Nxd5 Bxd5 17. exd5 h6 18. Bh4 Qxc2 19. 0-0 Qc7 20. Rac1 Qa7+ 21. Kh1 Be7 22. f6 gxf6 23. Bxf6 Rg8 24. Bxe5 Bg5 25. Bxd6 Bxc1 26. Re1+ Kd7 27. Qxf7+ Kxd6 28. Qe6+ Kc5 29. Rxc1+ Kd4 1-0

[Event "Kostroma Volga Cup op"]
[Site "Kostroma"]
[Date "2008.07.??"]
[Round "1"]
[White "Glodyan, Dmitry"]
[Black "Bragin, Alexander"]
[Result "0-1"]
[WhiteElo "2020"]
[BlackElo "2396"]
[PlyCount "100"]
[EventDate "2008.07.??"]
[EventType "swiss"]
[EventRounds "9"]
[EventCountry "RUS"]
[SourceTitle "EXT 2009"]
[Source "ChessBase"]
[SourceDate "2008.11.26"]
[SourceVersion "1"]
[SourceVersionDate "2008.11.26"]
[SourceQuality "1"]

1. e4 c5 2. Nf3 d6 3. c3 Nf6 4. d3 g6 5. Be2 Bg7 6. 0-0 0-0 7. Nbd2 e5 8. Re1 Nc6 9. Nf1 h6 10. h3 d5 11. Ng3 Be6 12. Be3 b6 13. a3 a5 14. a4 Qc7 15. Qc2 Rad8 16. Rad1 Rd7 17. Nh2 Rfd8 18. Ng4 Nxg4 19. hxg4 d4 20. Bc1 dxc3 21. bxc3 Na7 22. Be3 b5 23. axb5 Nxb5 24. c4 Nd4 25. Bxd4 cxd4 26. Ra1 Rd6 27. Reb1 Bd7 28. Qd2 Ra6 29. Bd1 Bf8 30. Ne2 Bxg4 31. Nxd4 Bxd1 32. Nb5 Qxc4 33. dxc4 Rxd2 34. Rxd1 Rxd1+ 35. Rxd1 Rc6 36. Rc1 Bb4 37. Kf1 f5 38. exf5 gxf5 39. Ke2 Kf7 40. Kd3 Bc5 41. f3 Rg6 42. Rc2 Rg3 43. Kc3 e4 44. Nd4 Kf6 45. Ne2 Rxg2 46. fxe4 fxe4 47. Ra2 a4 48. Rd2 Rf2 49. Rd5 Rf5 50. Rd8 Rf3+ 0-1

[Event "Kostroma Volga Cup op"]
[Site "Kostroma"]
[Date "2008.07.??"]
[Round "9"]
[White "Tumakov, Dmitry"]
[Black "Bragin, Alexander"]
[Result "1/2-1/2"]
[WhiteElo "2312"]
[BlackElo "2396"]
[PlyCount "75"]
[EventDate "2008.07.??"]
[EventType "swiss"]
[EventRounds "9"]
[EventCountry "RUS"]
[SourceTitle "EXT 2009"]
[Source "ChessBase"]
[SourceDate "2008.11.26"]
[SourceVersion "1"]
[SourceVersionDate "2008.11.26"]
[SourceQuality "1"]

1. d4 Nf6 2. Nc3 d5 3. Bg5 Bf5 4. Nf3 e6 5. e3 Be7 6. Ne5 Nbd7 7. g4 Nxe5 8. gxf5 Nc6 9. fxe6 fxe6 10. Bh3 Qd7 11. Bxf6 Bxf6 12. Qg4 Kf7 13. 0-0-0 h5 14. Qe2 Qe7 15. f4 Rad8 16. Rhg1 a6 17. Nb1 Qb4 18. Nd2 Qa4 19. a3 Na5 20. Nf3 Rd6 21. Ne5+ Ke8 22. Qd3 Nc4 23. Qg6+ Ke7 24. Qf7+ Kd8 25. Rxg7 Bxg7 26. Qxg7 Re8 27. Nf7+ Kc8 28. Nxd6+ cxd6 29. Rd3 Qa5 30. Rc3 Kb8 31. Bxe6 Nxa3 32. Qf7 Rxe6 33. bxa3 Qxc3 34. Qxe6 Qxa3+ 35. Kd1 Kc7 36. f5 Qa1+ 37. Ke2 Qh1 38. f6 1/2-1/2

[Event "RUS Central Region-ch"]
[Site "Tula "]
[Date "2007.03.25"]
[Round "9"]
[White "Bragin, Alexander"]
[Black "Kosov, Ivan"]
[Result "1-0"]
[WhiteElo "2399"]
[BlackElo "2354"]
[PlyCount "113"]
[EventDate "2007.03.17"]
[EventType "swiss"]
[EventRounds "9"]
[EventCountry "RUS"]
[SourceTitle "EXT 2008"]
[Source "ChessBase"]
[SourceDate "2007.11.25"]
[SourceVersion "1"]
[SourceVersionDate "2007.11.25"]
[SourceQuality "1"]

1. e4 c5 2. Nf3 e6 3. d4 cxd4 4. Nxd4 a6 5. Nc3 Qc7 6. Be2 b5 7. 0-0 Bb7 8. Re1 d6 9. Bh5 g6 10. Bf3 Nd7 11. a4 bxa4 12. Rxa4 Ngf6 13. Nb3 Nb6 14. Ra2 Nc4 15. Be2 Be7 16. Bxc4 Qxc4 17. Na5 Qc7 18. Nxb7 Qxb7 19. Bh6 Qc6 20. Qd4 e5 21. Qd3 Ng4 22. Qh3 Nxh6 23. Qxh6 Bf8 24. Qd2 Be7 25. Nd5 Bd8 26. Nb4 Qb6 27. Rea1 a5 28. Nd5 Qc6 29. b4 0-0 30. bxa5 f5 31. Nb4 Qxe4 32. Qd5+ Qxd5 33. Nxd5 Rf7 34. a6 Rfa7 35. c4 Kf7 36. Nc3 Bb6 37. Nb5 Rd7 38. a7 Ke7 39. Ra6 Rb7 40. Kf1 Bc5 41. Rd1 e4 42. f3 Rd7 43. Ke2 e3 44. f4 Rb7 45. Kf3 Rd7 46. Rd5 Kf8 47. Ke2 Ke7 48. h3 h5 49. Rxc5 dxc5 50. Rxg6 Kf7 51. Ra6 Re7 52. Rc6 Rd8 53. Nd6+ Rxd6 54. a8Q Rd2+ 55. Ke1 e2 56. Rf6+ Kxf6 57. Qf8+ 1-0

[Event "RUS-ch sf 58th"]
[Site "Kazan"]
[Date "2005.09.04"]
[Round "2"]
[White "Bragin, Alexander"]
[Black "Epishin, Vladimir"]
[Result "0-1"]
[WhiteElo "2396"]
[BlackElo "2600"]
[PlyCount "98"]
[EventDate "2005.09.03"]
[EventType "swiss"]
[EventRounds "9"]
[EventCountry "RUS"]
[SourceTitle "CBM 109"]
[Source "ChessBase"]
[SourceDate "2005.11.14"]
[SourceVersion "1"]
[SourceVersionDate "2005.11.14"]
[SourceQuality "1"]

1. e4 c5 2. Nf3 d6 3. d4 cxd4 4. Nxd4 Nf6 5. Nc3 Nc6 6. Bc4 e5 7. Nf5 Be6 8. Ne3 Rc8 9. Bd5 Be7 10. 0-0 0-0 11. Kh1 g6 12. f3 Qd7 13. Rf2 Nd4 14. Bb3 Nxb3 15. axb3 a6 16. Ned5 Bxd5 17. Nxd5 Nxd5 18. Qxd5 Qc6 19. Qxc6 Rxc6 20. Be3 f5 21. Rd2 Kf7 22. Kg1 Ke6 23. c3 h5 24. Rad1 Bd8 25. Rd5 fxe4 26. fxe4 Bb6 27. R5d3 Rf4 28. Bxb6 Rxb6 29. Rg3 Rg4 30. Rxg4 hxg4 31. b4 a5 32. Kf2 axb4 33. c4 b3 34. Ke3 Rb4 35. Kd3 b5 36. Rc1 bxc4+ 37. Rxc4 Rb8 38. Kc3 Kd7 39. Rb4 Rh8 40. Rb7+ Kc6 41. Rg7 Rxh2 42. Rxg6 Rxg2 43. Kxb3 g3 44. Kc3 Re2 45. Rxg3 Rxe4 46. Rg6 Kc5 47. Rg8 Re3+ 48. Kc2 Kd4 49. Rc8 Re2+ 0-1

[Event "Vladimir op"]
[Site "Vladimir"]
[Date "2004.08.25"]
[Round "8"]
[White "Bragin, Alexander"]
[Black "Braslavskij, Alex"]
[Result "0-1"]
[WhiteElo "2396"]
[BlackElo "2276"]
[PlyCount "84"]
[EventDate "2004.08.18"]
[EventType "swiss"]
[EventRounds "9"]
[EventCountry "RUS"]
[SourceTitle "EXT 2005"]
[Source "ChessBase"]
[SourceDate "2004.11.15"]
[SourceVersion "1"]
[SourceVersionDate "2004.11.15"]
[SourceQuality "1"]

1. e4 e6 2. d4 d5 3. Nc3 Nf6 4. Bg5 Be7 5. e5 Nfd7 6. h4 c5 7. Bxe7 Kxe7 8. dxc5 Nxe5 9. Qe2 Nbc6 10. 0-0-0 Qa5 11. f4 d4 12. Nb5 d3 13. cxd3 Qxb5 14. fxe5 Qxc5+ 15. Kb1 Qxe5 16. Qd2 Rd8 17. Nf3 Qa5 18. Qg5+ Kf8 19. d4 h6 20. Qe3 e5 21. Bc4 exd4 22. Nxd4 Rxd4 23. Rxd4 Bf5+ 24. Ka1 Nxd4 25. Qxd4 Rd8 26. Qf4 Qa4 27. Qxf5 Qxc4 28. Qh7 Qd3 29. Qxd3 Rxd3 30. a3 g6 31. Rc1 Rd7 32. Kb1 f5 33. Rc8+ Kf7 34. Kc2 g5 35. hxg5 hxg5 36. b4 Kf6 37. Rg8 f4 38. Kc3 Kf5 39. a4 Kg4 40. Kc4 Kh4 41. a5 g4 42. Kc5 f3 0-1

[Event "Vladimir op"]
[Site "Vladimir"]
[Date "2004.08.22"]
[Round "5"]
[White "Ratushny, Vladimir"]
[Black "Bragin, Alexander"]
[Result "0-1"]
[WhiteElo "2294"]
[BlackElo "2396"]
[PlyCount "116"]
[EventDate "2004.08.18"]
[EventType "swiss"]
[EventRounds "9"]
[EventCountry "RUS"]
[SourceTitle "EXT 2005"]
[Source "ChessBase"]
[SourceDate "2004.11.15"]
[SourceVersion "1"]
[SourceVersionDate "2004.11.15"]
[SourceQuality "1"]

1. e4 c5 2. Nf3 d6 3. d4 cxd4 4. Nxd4 Nf6 5. Nc3 a6 6. Bg5 e6 7. f4 Be7 8. Qf3 Qc7 9. 0-0-0 Nbd7 10. Bxf6 Nxf6 11. g4 b5 12. g5 Nd7 13. f5 Bxg5+ 14. Kb1 Ne5 15. Qh5 Qe7 16. fxe6 g6 17. exf7+ Kxf7 18. Qe2 Bg4 19. Qf2+ Qf6 20. Qxf6+ Bxf6 21. Be2 Bh3 22. Nd5 Bd8 23. Nf4 Bd7 24. Rhf1 Ke8 25. Nf3 Ng4 26. Nd5 Rf8 27. h3 Nh6 28. Nd4 Ra7 29. c4 bxc4 30. Bxc4 Nf7 31. Nf4 Ne5 32. Bd5 Bb6 33. Nfe6 Rxf1 34. Rxf1 Bxd4 35. Nxd4 Bxh3 36. Rh1 Bg4 37. b4 h5 38. a4 Bd7 39. b5 axb5 40. axb5 Ra4 41. Nc6 Bxc6 42. bxc6 Ra5 43. Kc2 Rc5+ 44. Kd2 Nxc6 45. Ke3 Ne5 46. Kf4 Ke7 47. Kg5 Rc3 48. Ra1 Rg3+ 49. Kh6 Kf6 50. Ra6 Ng4+ 51. Kh7 Ke5 52. Bf7 h4 53. Kxg6 h3 54. Ra5+ Kf4 55. Rf5+ Kxe4 56. Bd5+ Kd4 57. Rh5 h2 58. Kf7 Rg1 0-1

[Event "Kaluga Tsiolkovsky Memorial op"]
[Site "Kaluga"]
[Date "2003.??.??"]
[Round "6"]
[White "Bragin, Alexander"]
[Black "Zhelnin, Vladimir V"]
[Result "1-0"]
[WhiteElo "2357"]
[BlackElo "2480"]
[PlyCount "91"]
[EventDate "2003.??.??"]
[EventType "swiss"]
[EventRounds "9"]
[EventCountry "RUS"]
[SourceTitle "EXT 2005"]
[Source "ChessBase"]
[SourceDate "2004.11.15"]
[SourceVersion "1"]
[SourceVersionDate "2004.11.15"]
[SourceQuality "1"]

1. e4 c5 2. Nf3 d6 3. d4 cxd4 4. Nxd4 Nf6 5. Nc3 a6 6. Bc4 e6 7. Bb3 Nbd7 8. f4 Nc5 9. Qf3 Qc7 10. f5 Be7 11. Be3 0-0 12. g4 Nxb3 13. axb3 Nd7 14. g5 Ne5 15. Qg2 Re8 16. h4 Bf8 17. 0-0-0 b5 18. h5 b4 19. Na4 d5 20. g6 dxe4 21. f6 Nf3 22. h6 fxg6 23. hxg7 Bxg7 24. fxg7 e5 25. Ne2 Be6 26. Kb1 Rac8 27. Ng3 Nd4 28. Nxe4 Qxg7 29. Bxd4 exd4 30. Nd6 Red8 31. Nxc8 Rxc8 32. Nb6 Rd8 33. Qc6 Bf5 34. Rhe1 Qf7 35. Qc4 h5 36. Re7 Qxc4 37. bxc4 b3 38. Rde1 h4 39. Nd5 h3 40. Nf6+ Kf8 41. Rh7 g5 42. Rh8+ Kf7 43. Rxd8 Kxf6 44. Rf8+ Kg6 45. Rxf5 Kxf5 46. c5 1-0

[Event "Voronezh op 6th"]
[Site "Voronezh"]
[Date "2002.06.13"]
[Round "2"]
[White "Bragin, Alexander"]
[Black "Zakharevich, Igor"]
[Result "1/2-1/2"]
[WhiteElo "2372"]
[BlackElo "2472"]
[PlyCount "120"]
[EventDate "2002.06.12"]
[EventType "swiss"]
[EventRounds "9"]
[EventCountry "RUS"]
[SourceTitle "CBM 088 Extra"]
[Source "ChessBase"]
[SourceDate "2002.07.01"]
[SourceVersion "2"]
[SourceVersionDate "2002.07.01"]
[SourceQuality "1"]

1. e4 e6 2. d4 d5 3. Nc3 dxe4 4. Nxe4 Nd7 5. Nf3 Ngf6 6. Nxf6+ Nxf6 7. c3 c5 8. Ne5 a6 9. Be3 Qc7 10. Qa4+ Nd7 11. Bb5 cxd4 12. Bxd7+ Bxd7 13. Nxd7 Qxd7 14. Qxd7+ Kxd7 15. Bxd4 f6 16. 0-0-0 Kc6 17. Rhe1 e5 18. Be3 Bd6 19. a4 Rhd8 20. Kc2 Be7 21. b4 Rxd1 22. Rxd1 Rd8 23. Rb1 f5 24. f3 Bf6 25. c4 e4 26. fxe4 fxe4 27. b5+ axb5 28. axb5+ Kc7 29. Re1 Re8 30. Rd1 Rd8 31. Rxd8 Kxd8 32. c5 Be5 33. h3 Kd7 34. Kb3 Ke6 35. Kc4 Bf6 36. Bf4 Be5 37. Bxe5 Kxe5 38. b6 e3 39. c6 e2 40. cxb7 e1Q 41. b8Q+ Kf5 42. Qc8+ Kg5 43. Qg4+ Kh6 44. Qf4+ g5 45. Qf6+ Kh5 46. Qf3+ Kh6 47. b7 Qe6+ 48. Kc5 Qe7+ 49. Kb5 Qe5+ 50. Kc4 Qc7+ 51. Kb5 Qe5+ 52. Kc6 Qe6+ 53. Kc5 Qe7+ 54. Kc4 Qc7+ 55. Kd3 Qd6+ 56. Kc2 Qc5+ 57. Kb2 Qb4+ 58. Kc2 Qc4+ 59. Kd2 Qd4+ 60. Ke2 Qe5+ 1/2-1/2